[Event "Kragero Resort Chess A 2019"]
[Site "Kragero"]
[Date "2019.02.23"]
[Round "6.19"]
[White "Mkrtchyan, Anahit D."]
[Black "Stefansson, Vignir Vatnar"]
[Result "0-1"]
[WhiteElo "1841"]
[BlackElo "2263"]
[Annotator "NA RC"]
[PlyCount "76"]
[EventDate "2019.02.20"]
[EventType "swiss"]
[EventCountry "NOR"]
[SourceTitle "playchess.com"]
[Source "ChessBase"]
[SourceQuality "1"]
[TimeControl "5400+30"]

1. d4 {[%emt 0:00:00]} f5 {[%emt 0:00:32]} 2. Bg5 {[%emt 0:00:00]} h6 {[%emt 0:00:07]} 3. Bh4 {[%emt 0:00:00]} g5 {[%emt 0:00:05]} 4. e3 {[%emt 0:00:00]} Nf6 {[%emt 0:00:04]} 5. Bg3 {[%emt 0:00:00]} d6 {[%emt 0:00:05]} 6. h4 {[%emt 0:00:00]} g4 {[%emt 0:00:03]} 7. h5 {[%emt 0:00:01]} Be6 {[%emt 0:00:27]} 8. Ne2 {[%emt 0:00:04]} Bf7 {[%emt 0:00:13]} 9. Nf4 {[%emt 0:00:06]} c6 {[%emt 0:00:38]} 10. Nd2 {[%emt 0:08:38]} Qd7 {[%emt 0:02:08]} 11. Be2 {[%emt 0:07:37]} Bg7 {[%emt 0:00:15]} 12. c3 {[%emt 0:05:05]} O-O {[%emt 0:04:32]} 13. Qc2 {[%emt 0:03:11]} Re8 {[%emt 0:02:22]} 14. Bd3 {[%emt 0:03:58]} e6 {[%emt 0:00:08]} 15. O-O-O {[%emt 0:01:59]} Na6 {[%emt 0:06:40]} 16. f3 {[%emt 0:06:15]} Nc7 {[%emt 0:01:02]} 17. Kb1 {[%emt 0:05:14]} b5 {[%emt 0:03:06]} 18. e4 {[%emt 0:08:44]} e5 {[%emt 0:03:49]} 19. dxe5 {[%emt 0:05:20]} dxe5 {[%emt 0:00:06]} 20. Ne2 {[%emt 0:03:18]} f4 {[%emt 0:00:26]} 21. Bh4 {[%emt 0:00:28]} Qe6 {[%emt 0:02:12]} 22. c4 {[%emt 0:01:48]} g3 {[%emt 0:00:55]} 23. Bxf6 {[%emt 0:00:39]} Bxf6 {[%emt 0:00:06]} 24. Nb3 {[%emt 0:01:10]} bxc4 {[%emt 0:00:20]} 25. Nc5 {[%emt 0:00:18]} cxd3 {[%emt 0:00:16]} 26. Nxe6 {[%emt 0:00:35]} dxc2+ {[%emt 0:00:07]} 27. Kxc2 {[%emt 0:00:03]} Nxe6 {[%emt 0:00:06]} 28. Rd6 {[%emt 0:00:29]} Be7 {[%emt 0:00:13]} 29. Rxc6 {[%emt 0:00:08]} Rac8 {[%emt 0:00:03]} 30. Rxc8 {[%emt 0:00:08]} Rxc8+ {[%emt 0:00:01]} 31. Nc3 {[%emt 0:00:08]} Bb4 {[%emt 0:00:10]} 32. a3 {[%emt 0:00:23]} Nd4+ {[%emt 0:00:08]} 33. Kd3 {[%emt 0:00:08]} Bc4+ {[%emt 0:00:32]} 34. Kd2 {[%emt 0:00:04]} Bxc3+ {[%emt 0:00:09]} 35. bxc3 {[%emt 0:00:03]} Nb3+ {[%emt 0:00:10]} 36. Kc2 {[%emt 0:00:04]} Rd8 {[%emt 0:00:04]} 37. Rd1 {[%emt 0:00:37]} Rxd1 {[%emt 0:00:07]} 38. Kxd1 {[%emt 0:00:03]} Bf1 {[%emt 0:00:09]} 0-1

[Event "Kragero Resort Chess A 2019"]
[Site "Kragero"]
[Date "2019.02.23"]
[Round "6.20"]
[White "Birkisson, Bardur Orn"]
[Black "Flasen, Aleksander"]
[Result "0-1"]
[WhiteElo "2233"]
[BlackElo "2036"]
[Annotator "TA"]
[PlyCount "102"]
[EventDate "2019.02.20"]
[EventType "swiss"]
[EventCountry "NOR"]
[SourceTitle "playchess.com"]
[Source "ChessBase"]
[SourceQuality "1"]

{[%evp 10,102,13,10,48,32,37,48,58,65,68,59,69,70,60,33,94,20,116,114,120,95,91,97,100,93,89,91,89,0,55,49,100,104,105,45,62,1,25,56,46,25,58,29,23,-18,79,0,-6,-14,-19,-45,-8,-8,-17,-25,0,-195,-126,-145,0,0,689,656,822,805,751,0,0,-901,-873,-871,-873,-794,-781,-843,-829,-793,-772,-29980,-29981,-29981,-29976,-29976,-29977,-29978,-29979,-29978,-29979,-29979,-29978,-29980,-29981,-29983,-29984]} 1. d4 Nf6 2. Nf3 e6 3. Bf4 c5 4. e3 b6 5. Nbd2 {[%cal Bb1d2,Bd2c4,Bc4e5][%mdl 32]} Bb7 6. Nc4 d5 {A47: 1 d4 Nf6 2 Nf3 b6: Torre, London and Colle Systems} 7. Nce5 Bd6 $1 8. Bb5+ Ke7 {White is slightly better.} 9. O-O $146 ({Predecessor:} 9. Ng5 Rf8 10. O-O a6 11. Be2 h6 12. Ngf3 Nc6 13. dxc5 bxc5 14. c4 Nxe5 15. Bxe5 Bxe5 16. Nxe5 {½-½ (57) Nguyen,N (2630)-Socko,B (2593) Riadh 2017}) 9... a6 10. Be2 h6 11. c4 Re8 12. Rc1 cxd4 (12... Kf8 $1 $14) 13. exd4 (13. cxd5 $16 Bxd5 14. Qxd4 (14. exd4 Kf8 $14)) 13... Kf8 (13... dxc4 $1 $11 {remains equal.} 14. Bxc4 (14. Rxc4 Kf8 $11) 14... Kf8) 14. c5 $16 bxc5 15. dxc5 Bxe5 16. Nxe5 Nc6 17. Qa4 Qc8 18. b4 Kg8 19. Rfd1 ({White should try} 19. Qa3 $16) 19... Qc7 (19... Qb8 $11) 20. Nxc6 $1 $14 Qxf4 (20... Bxc6 $14 21. Bxc7 Bxa4) 21. Na5 $16 Bc8 22. c6 (22. a3 $16) 22... e5 $14 23. Nb7 (23. Qa3 $14) 23... Bg4 24. g3 Qg5 $1 25. Bxg4 Nxg4 26. h3 Ne3 $1 {[%cal Re3d1]} ({Not} 26... Nxf2 $2 27. Kxf2 e4 28. Kg2 $18) 27. Re1 Nc4 {[#]} (27... Nf5 $1 $11 {keeps the balance.}) 28. Na5 (28. c7 $1 $16 {Hoping for Qc6.} Qe7 29. Qc6) 28... Nd2 $36 {[%mdl 2048] ...Nf3+ is the strong threat. Black has good play.} 29. Kg2 e4 $1 30. c7 Qf5 {And now ...Qf3+ would win.} (30... Nf3 $5 {[%cal Rf3e1]} 31. Rf1 Qf5 $15) 31. Qd1 Nf3 32. Re3 ({Reject} 32. Rh1 Ne5 $17) 32... d4 33. Rb3 $2 (33. Rc5 $1 $11 {and White stays safe.} Qe6 34. Rxf3 exf3+ 35. Qxf3) 33... d3 (33... Rac8 $19 34. Rxf3 exf3+ 35. Qxf3 Qxf3+ 36. Kxf3 Re7) 34. Nc4 $17 {[#]} Nd4 (34... Qe6 $1 $17 {Threatens to win with ...Nd4.} 35. Ne3 Rac8) 35. Nd6 $11 Qd5 $2 {[%mdl 8192]} (35... Qd7 $11 36. Nxe8 Nxb3 37. Qxb3 Rxe8) 36. Nxe8 $18 e3+ 37. f3 Nxb3 38. axb3 $2 (38. c8=Q $18 Rxc8 39. Rxc8) 38... Rc8 $11 39. Rc3 $2 {[%mdl 8192]} (39. Rc4 $11 d2 40. Re4) 39... e2 $19 40. Qd2 Qe5 41. Rc1 Qxe8 {[%mdl 4096] Endgame KQR-KQR} 42. Kf2 Qd7 $1 {[%csl LRc7,LRh3][%mdl 64] Double Attack} 43. Rc4 Qxh3 44. Ke3 Qxg3 {Black mates.} 45. Rc1 Rxc7 46. Rxc7 Qxc7 47. Kxd3 Qd6+ 48. Kxe2 Qxd2+ 49. Kxd2 {KP-KP} h5 50. Ke3 g5 51. f4 g4 {Accuracy: White = 38%, Black = 57%.} 0-1

[Event "Kragero Resort Chess A 2019"]
[Site "Kragero"]
[Date "2019.02.23"]
[Round "6.21"]
[White "Tenold, Andreas"]
[Black "Wedda, Dries"]
[Result "0-1"]
[WhiteElo "1822"]
[BlackElo "2173"]
[Annotator "TA"]
[PlyCount "58"]
[EventDate "2019.02.20"]
[EventType "swiss"]
[EventCountry "NOR"]
[SourceTitle "playchess.com"]
[Source "ChessBase"]
[SourceQuality "1"]

{[%evp 9,58,24,0,10,21,0,6,0,10,-19,-7,-15,-9,-26,-13,-28,-4,-28,-25,-30,3,0,17,-45,0,-22,-30,-17,-17,-28,-17,-17,-9,-14,-8,-11,-14,-40,-12,-38,13,0,24,3,6,7,2,3,6,-472,-466]} 1. e4 c5 2. Nf3 d6 3. Bb5+ Nd7 4. Ba4 Ngf6 5. O-O a6 {[#] Threatens to win with ...b5.} 6. c4 {B51: Sicilian: Moscow Variation (3 Bb5+) without 3...Bd7} e6 (6... g6 7. Nc3 Bg7 8. d3 O-O 9. h3 b6 10. Bg5 h6 11. Be3 Bb7 {1-0 (51) Navara,D (2738)-Grandelius,N (2682) Caleta 2019}) 7. Re1 Be7 8. d4 {The position is equal.} cxd4 9. Bxd7+ $146 ({Predecessor:} 9. Qxd4 O-O 10. Nc3 Qc7 11. Bg5 Ne5 12. Nxe5 dxe5 13. Qd3 Rd8 {½-½ (36) Wolferink,F (2115)-Pruner,E (2290) Hawaii 1998}) 9... Bxd7 10. Qxd4 O-O 11. Nc3 Rc8 12. Bg5 Qc7 13. Rac1 Rfd8 ({Reject} 13... Qxc4 $6 14. Nd5 $14) 14. b3 Be8 15. h3 Qa5 16. Bh4 ({White should try} 16. a4 $11) 16... h6 17. Qe3 Kf8 18. e5 dxe5 19. Nxe5 Qc5 20. Qf3 Bc6 21. Nxc6 Qxc6 22. Qxc6 Rxc6 23. Red1 Rdc8 24. Ne2 a5 (24... g5 $15 25. Bg3 b5) 25. Nd4 {And now Bxf6 would win.} Rc5 26. Nb5 Ne4 27. Bxe7+ Kxe7 28. f3 Nf6 29. Rd2 $2 {[%mdl 8192] [#]} (29. Kf2 $11 {and White has nothing to worry.}) 29... Rxb5 $1 {[%mdl 576] Pin. Accuracy: White = 24%, Black = 46%.} 0-1

[Event "Kragero Resort Chess A 2019"]
[Site "Kragero"]
[Date "2019.02.23"]
[Round "6.22"]
[White "Rishovd, Svein"]
[Black "Aarnes, Eirik"]
[Result "1/2-1/2"]
[WhiteElo "2116"]
[BlackElo "1843"]
[Annotator "TA"]
[PlyCount "73"]
[EventDate "2019.02.20"]
[EventType "swiss"]
[EventCountry "NOR"]
[SourceTitle "playchess.com"]
[Source "ChessBase"]
[SourceQuality "1"]

{[%evp 17,73,0,0,0,0,0,80,66,76,74,77,82,98,16,12,-32,64,4,16,5,29,43,47,47,18,20,15,-20,-8,0,57,20,50,56,66,49,97,98,91,95,133,146,312,312,293,8,6,7,7,1,28,5,5,0,0,0,5,0]} 1. Nf3 d5 2. g3 Nf6 3. Bg2 Bf5 4. O-O e6 5. d4 Nbd7 6. c4 c6 7. Nc3 h6 8. Nd2 Be7 9. Re1 O-O 10. e4 {D11: Slav Defence: 3 Nf3 sidelines and 3...Nf6 4 e3 Bg4} dxe4 11. Ndxe4 e5 $146 (11... Nxe4 $11 12. Nxe4 Nf6) ({Predecessor:} 11... Nxe4 12. Nxe4 Nf6 13. Nc3 Re8 14. Be3 Qa5 15. Qb3 Qb4 16. d5 Rec8 17. Qxb4 Bxb4 18. dxc6 bxc6 {½-½ (46) Gerlagh,J (2288)-Cooper,L (2341) Reading 2017}) 12. Nxf6+ $1 $16 {White is better.} Bxf6 {[#]} 13. d5 $1 Nc5 14. Be3 Nd3 {[%mdl 64] [#] Double Attack} 15. Re2 ({Better is} 15. Rf1 $1 $16) 15... e4 $1 $11 16. Qb3 cxd5 (16... Bxc3 $1 $15 17. bxc3 Qd7) 17. cxd5 (17. Nxd5 $14 Re8 18. Qxb7) 17... Bxc3 18. bxc3 Ne5 19. Bd4 Nf3+ 20. Bxf3 $1 exf3 21. Re3 $36 {[%mdl 2048] White has the initiative.} Qd7 22. Qd1 Bg4 23. h3 Bh5 ({Black should try} 23... Bxh3 $11 24. Qxf3 Rfe8) 24. Kh2 (24. g4 $5 {[%cal Rg4h5]} Bg6 25. Qxf3 $16) 24... Rfe8 25. c4 {[%cal Bc3c4,Bc4b5][%mdl 32]} Rac8 26. Rc1 b5 27. Rxe8+ Rxe8 28. cxb5 Qxd5 {aiming for ...Rd8.} 29. Rc5 ({Reject} 29. Bxa7 $6 Qxb5 30. a4 Qe2 $11) 29... Qxa2 $2 (29... Qd8 $16) 30. Rxh5 $18 Re2 31. Kg1 $2 (31. Qf1 $18) 31... Rd2 $11 32. Qxf3 Rxd4 33. Kg2 Rd2 34. Rc5 {And now Rc8+ would win.} Qe6 {The position is equal.} 35. Rc6 Qd7 36. Rc5 Qe6 37. Rc6 {Accuracy: White = 37%, Black = 41%.} 1/2-1/2

[Event "Kragero Resort Chess A 2019"]
[Site "Kragero"]
[Date "2019.02.23"]
[Round "6.23"]
[White "Kvaloy, Aksel Bu"]
[Black "Heimisson, Hilmir Freyr"]
[Result "1/2-1/2"]
[WhiteElo "2066"]
[BlackElo "2394"]
[Annotator "TA"]
[PlyCount "55"]
[EventDate "2019.02.20"]
[EventType "swiss"]
[EventCountry "NOR"]
[SourceTitle "playchess.com"]
[Source "ChessBase"]
[SourceQuality "1"]

{[%evp 28,55,16,9,10,10,6,3,8,14,12,8,49,34,46,0,0,-9,0,0,0,0,0,0,0,0,0,0,0,0]} 1. c4 e6 2. g3 Nf6 3. Bg2 d5 4. Nf3 Be7 5. O-O O-O 6. d4 dxc4 7. Qa4 a6 8. Qxc4 b5 9. Qc2 Bb7 10. Bg5 Nbd7 {[%cal Bb8d7,Bd7f6,Bf6d5][%mdl 32]} 11. Bxf6 Nxf6 12. Nbd2 Rc8 13. Nb3 Be4 14. Qc3 Nd5 15. Qd2 c5 {E05: Open Catalan: 5 Nf3 Be7} 16. dxc5 Bxc5 17. Nxc5 Rxc5 18. Rac1 Rxc1 19. Rxc1 Qb8 (19... Qa8 20. Bf1 Bxf3 21. exf3 Rc8 22. h4 h5 23. Bd3 Rxc1+ 24. Qxc1 {½-½ (44) Ivanchuk,V (2757)-Grischuk,A (2764) London 2013}) 20. Qd4 Nf6 21. Qe5 $146 ({Predecessor:} 21. Ne5 Bxg2 22. Kxg2 Rd8 23. Qc5 {1-0 (55) Krivonosov,O (2440)-Borisovs,L (2046) Palanga 2011}) 21... Qa8 {The position is equal.} 22. Rc7 Rc8 23. Qc5 Rxc7 24. Qxc7 {[#] Black must now prevent Ng5.} h6 25. Ne5 Bxg2 26. Qxf7+ Kh7 {And now ...Be4 would win.} 27. Qg6+ Kg8 {[#] aiming for ...Be4.} 28. Qf7+ 1/2-1/2

[Event "Kragero Resort Chess A 2019"]
[Site "Kragero"]
[Date "2019.02.23"]
[Round "6.24"]
[White "Mashinskaya, Iulia"]
[Black "Holleland, Sigve"]
[Result "0-1"]
[WhiteElo "2261"]
[BlackElo "2009"]
[Annotator "TA"]
[PlyCount "72"]
[EventDate "2019.02.20"]
[EventType "swiss"]
[EventCountry "NOR"]
[SourceTitle "playchess.com"]
[Source "ChessBase"]
[SourceQuality "1"]

{[%evp 9,72,-18,-16,-18,-22,-18,-18,-18,-12,-18,-14,-41,-35,-37,-37,-49,-39,-51,-54,-76,-45,-48,-45,-78,-77,-141,-95,-104,-52,-59,-57,-55,-55,-52,-59,-67,-79,-58,0,0,0,-169,-169,-353,-366,-303,-160,-129,-131,-210,-202,-550,-545,-815,-794,-857,-815,-1823,-1800,-1707,-1649,-29988,-29989,-29990,-1027]} 1. d4 d5 2. Nc3 Nf6 3. Bg5 Nbd7 4. Nf3 e6 5. e3 Be7 {LiveBook: 40 Games} 6. h3 {D01: Veresov Opening} (6. Be2 h6 7. Bh4 c5 8. O-O O-O 9. a3 b6 10. Ne5 Nxe5 11. dxe5 Nd7 12. Bg3 Bb7 13. f4 a6 {0-1 (41) Gurbanov,A (2305)-Gallego Alcaraz,A (2511) Batumi 2018}) 6... a6 7. Be2 b5 8. O-O {The position is equal.} O-O 9. Bf4 $146 ({Predecessor:} 9. a3 c5 10. dxc5 Nxc5 11. Bf4 Bb7 12. Nd4 h6 13. Nb3 Nxb3 14. cxb3 {½-½ (54) Belokhlebov,A (1917)-Pakshin,V (1815) Uljanovsk 2014}) 9... Bb7 10. Ne5 Nxe5 11. Bxe5 Nd7 12. Bh2 c5 13. a4 b4 14. Na2 c4 15. b3 Rc8 16. Rb1 a5 17. f4 (17. c3 $142) 17... f5 18. Bg3 c3 (18... Nb6 $17 19. c3 cxb3 20. Qxb3 Bc6 21. cxb4 Bxa4) 19. Nc1 $15 Nf6 20. Bh4 Ne4 21. Bxe7 Qxe7 22. Ra1 g5 23. Nd3 g4 ({Better is} 23... Rf7 $15) 24. hxg4 $11 Qh4 25. Bf3 $2 {[#]} (25. Ne5 $11) 25... Ng3 $19 26. Nf2 $2 (26. gxf5 {might work better.} exf5 27. Nc5) 26... Ba6 ({Not} 26... Nxf1 27. Qxf1 Qd8 28. Be2 $15) 27. Re1 Rf6 (27... Rc7 $19 28. gxf5 Rxf5) 28. gxf5 $17 Rxf5 ({Of course not} 28... Nxf5 $6 29. e4 $11) 29. Bg4 (29. Nd3 $17) 29... Rf6 $40 {[%cal Bf5f6,Bf6f4,Bf4d4,Bd4d2][%mdl 160] Black attacks with force.} 30. e4 $2 {[#]} (30. Bh3 {is more resistant.} Rg6 31. f5 exf5 32. Qf3) 30... Rcf8 31. exd5 Rxf4 32. Bxe6+ Kh8 33. Nh3 Rxd4 34. Qc1 Rd2 35. Kh2 Rff2 {[%csl Gd2][%cal Rf2g2]} 36. Rg1 Nf1+ {Precision: White = 36%, Black = 56%.} (36... Ne4 $142 37. Kh1 Bb7 38. Qxd2 cxd2 39. Rgb1 Nc3 40. Rf1 Rxf1+ 41. Rxf1 d1=Q 42. Rxd1 Nxd1 43. Kg1 Qe4 44. g3 Qxc2 45. Bf7 Qxb3 46. Kh2 Qc2+ 47. Nf2 Qxf2+ 48. Kh3 Qxf7 49. Kh4 Qf6+ 50. Kg4 Nf2+ 51. Kh5 Qg6+ 52. Kh4 Qh6#) 0-1

[Event "Kragero Resort Chess A 2019"]
[Site "Kragero"]
[Date "2019.02.23"]
[Round "6.25"]
[White "Holand, Per Fredrik"]
[Black "Kazarian, Anna-Maja"]
[Result "0-1"]
[WhiteElo "2024"]
[BlackElo "2189"]
[Annotator "ChessBase"]
[PlyCount "120"]
[EventDate "2019.02.20"]
[EventType "swiss"]
[EventCountry "NOR"]
[SourceTitle "playchess.com"]
[Source "ChessBase"]
[SourceQuality "1"]
[TimeControl "5400+30"]

1. e4 {[%emt 0:00:00]} c6 {[%emt 0:00:00]} 2. d4 {[%emt 0:00:00]} d5 {[%emt 0:00:00]} 3. Nc3 {[%emt 0:00:23]} dxe4 {[%emt 0:00:00]} 4. Nxe4 {[%emt 0:00:07]} Bf5 {[%emt 0:00:00]} 5. Ng3 {[%emt 0:00:08]} Bg6 {[%emt 0:00:00]} 6. h4 {[%emt 0:00:06]} h6 {[%emt 0:00:00]} 7. Nh3 {[%emt 0:00:06]} e5 {[%emt 0:14:17]} 8. dxe5 {[%emt 0:11:30]} Qa5+ {[%emt 0:01:10]} 9. c3 {[%emt 0:00:13]} Qxe5+ {[%emt 0:00:05]} 10. Be2 {[%emt 0:00:06]} Nf6 {[%emt 0:04:04]} 11. Qb3 {[%emt 0:05:31]} Qc7 {[%emt 0:15:01]} 12. Nf4 {[%emt 0:12:29]} Bh7 {[%emt 0:00:43]} 13. Nfh5 {[%emt 0:04:22]} Nbd7 {[%emt 0:05:37]} 14. Bf4 {[%emt 0:06:44]} Qb6 {[%emt 0:01:22]} 15. O-O-O {[%emt 0:00:41]} Qxb3 {[%emt 0:02:41]} 16. axb3 {[%emt 0:00:10]} Nd5 {[%emt 0:12:17]} 17. Bc4 {[%emt 0:05:58]} O-O-O {[%emt 0:06:16]} 18. Bxd5 {[%emt 0:04:11]} cxd5 {[%emt 0:00:06]} 19. Be3 {[%emt 0:03:04]} Nc5 {[%emt 0:10:51]} 20. Bxc5 {[%emt 0:04:15]} Bxc5 {[%emt 0:00:02]} 21. Rd2 {[%emt 0:00:12]} d4 {[%emt 0:09:33]} 22. b4 {[%emt 0:00:24]} Bb6 {[%emt 0:01:50]} 23. Rhd1 {[%emt 0:06:12]} Kb8 {[%emt 0:04:34]} 24. Nxg7 {[%emt 0:02:24]} Rc8 {[%emt 0:01:40]} 25. Rxd4 {[%emt 0:00:12]} Bxd4 {[%emt 0:00:10]} 26. Rxd4 {[%emt 0:00:06]} Rcd8 {[%emt 0:03:57]} 27. N7f5 {[%emt 0:01:08]} Rxd4 {[%emt 0:03:25]} 28. Nxd4 {[%emt 0:00:08]} f5 {[%emt 0:00:33]} 29. Ngxf5 {[%emt 0:02:20]} Bxf5 {[%emt 0:00:42]} 30. Nxf5 {[%emt 0:00:11]} h5 {[%emt 0:00:05]} 31. f3 {[%emt 0:01:02]} Rd8 {[%emt 0:01:47]} 32. Kc2 {[%emt 0:01:35]} Kc7 {[%emt 0:00:15]} 33. g4 {[%emt 0:01:05]} Rg8 {[%emt 0:01:42]} 34. Ne3 {[%emt 0:13:06]} Kd6 {[%emt 0:00:23]} 35. gxh5 {[%emt 0:04:49]} Ke5 {[%emt 0:00:28]} 36. Nc4+ {[%emt 0:00:22]} Kf4 {[%emt 0:00:40]} 37. Na5 {[%emt 0:00:27]} Rg7 {[%emt 0:01:19]} 38. c4 {[%emt 0:04:24]} Kxf3 {[%emt 0:00:14]} 39. b5 {[%emt 0:00:32]} Ke4 {[%emt 0:00:36]} 40. Kc3 {[%emt 0:00:21]} Rc7 {[%emt 0:00:51]} 41. Kb4 {[%emt 0:00:49]} Kd4 {[%emt 0:00:35]} 42. c5 {[%emt 0:01:01]} Kd5 {[%emt 0:00:21]} 43. c6 {[%emt 0:00:33]} bxc6 {[%emt 0:00:30]} 44. bxc6 {[%emt 0:00:24]} a6 {[%emt 0:00:10]} 45. Kc3 {[%emt 0:03:37]} Rh7 {[%emt 0:00:06]} 46. b4 {[%emt 0:01:34]} Rxh5 {[%emt 0:00:01]} 47. Kb3 {[%emt 0:00:27]} Kd6 {[%emt 0:00:43]} 48. Kc3 {[%emt 0:00:48]} Rxh4 {[%emt 0:00:03]} 49. Kb3 {[%emt 0:00:07]} Kc7 {[%emt 0:00:48]} 50. Nc4 {[%emt 0:03:49]} Kxc6 {[%emt 0:00:07]} 51. Na3 {[%emt 0:00:21]} Kd5 {[%emt 0:01:14]} 52. Nc2 {[%emt 0:00:33]} Rh3+ {[%emt 0:00:16]} 53. Ka4 {[%emt 0:00:38]} Rc3 {[%emt 0:01:01]} 54. Na3 {[%emt 0:00:13]} Kc6 {[%emt 0:00:16]} 55. Nb1 {[%emt 0:00:35]} Rc1 {[%emt 0:00:58]} 56. Na3 {[%emt 0:00:10]} Kb6 {[%emt 0:00:07]} 57. Kb3 {[%emt 0:00:14]} Rh1 {[%emt 0:00:34]} 58. Nc4+ {[%emt 0:00:40]} Kc6 {[%emt 0:00:04]} 59. Na5+ {[%emt 0:00:56]} Kb5 {[%emt 0:00:17]} 60. Ka3 {[%emt 0:00:46]} Rh3+ {[%emt 0:00:31]} 0-1

[Event "Kragero Resort Chess A 2019"]
[Site "Kragero"]
[Date "2019.02.23"]
[Round "6.26"]
[White "Shehzad, Shazil"]
[Black "Bergsson, Stefan"]
[Result "1-0"]
[WhiteElo "1959"]
[BlackElo "2172"]
[Annotator "TA"]
[PlyCount "69"]
[EventDate "2019.02.20"]
[EventType "swiss"]
[EventCountry "NOR"]
[SourceTitle "playchess.com"]
[Source "ChessBase"]
[SourceQuality "1"]

{[%evp 24,69,64,40,65,31,56,22,121,126,132,128,127,104,147,60,91,58,139,-18,0,-20,-38,-37,-19,-38,-27,-122,-103,-102,108,104,92,104,112,95,117,127,29979,29980,29971,29972,5286,5282,29995,29996,29997,29998]} 1. e4 c5 2. Nf3 e6 3. d4 cxd4 4. Nxd4 a6 5. Bd3 Qc7 6. c4 Nf6 7. Nc3 Bc5 8. Nb3 Be7 9. O-O d6 10. Be3 {B42: Sicilian: Kan Variation: 5 Bd3} Nbd7 11. f4 b6 12. Rc1 Bb7 13. Qf3 {LiveBook: 8 Games} (13. Bb1 Rc8 14. h3 {0-1 (42) Mosadeghpour,M (2510)-Firouzja,A (2521) Hamedan 2017}) 13... Rc8 14. Qg3 O-O 15. Rce1 $146 ({Predecessor:} 15. Bd4 e5 16. Nd5 Bxd5 17. cxd5 Qb8 18. fxe5 dxe5 19. Be3 Qd6 20. Qf3 Qb4 {½-½ (20) Probst,A (1925)-Mertens,K (2020) Bad Homburg 2014}) 15... d5 (15... b5 $11 {keeps the balance.} 16. cxb5 axb5) 16. cxd5 $1 $16 exd5 17. e5 $1 {[%cal Re5f6]} Ne4 18. Bxe4 dxe4 19. Nd4 (19. Rc1 $1 $16) 19... Nc5 $1 $14 20. f5 Kh8 ({Black should try} 20... f6 $1 $14) 21. Bf4 $2 (21. f6 $16 gxf6 22. exf6 Qxg3 23. hxg3) 21... Qd8 22. Rd1 {Strongly threatening f6!} Nd3 23. Be3 Qc7 24. f6 gxf6 25. Rf5 (25. exf6 $11 {remains equal.} Qxg3 26. hxg3) 25... Rg8 $1 $17 {[%cal Rg8g3]} ({Not} 25... Nxb2 $2 26. Rh5 $1 $18 {[%mdl 512]}) (25... fxe5 26. Rh5 $11) 26. Qh3 Nxe5 $2 ({Stronger than} 26... Nxb2 27. exf6 Bxf6 28. Rxf6 $16) (26... Qd7 $1 $17 {stays on course.} 27. exf6 Bxf6 $1 {[%mdl 512]}) 27. Rh5 $40 {[%csl Gh3][%cal Rh5h7][%mdl 128] White has strong attack.} Rg7 28. Nf5 Rcg8 {White must now prevent ...Bc8.} 29. Nxg7 Rxg7 {[#]} 30. Bh6 $1 {[%cal Rh6g7]} Ng6 $2 {[%mdl 8192]} (30... Rg6 $16 31. Bf8 Nf3+ 32. Kh1 Ng5) 31. Bxg7+ Kxg7 32. Rxh7+ Kg8 33. Qh6 {[%csl Gh7][%cal Rh6g7]} Qc5+ 34. Kh1 {[%csl Gh7][%cal Rh6g7]} Bf8 35. Rd8 {Precision: White = 41%, Black = 42%.} 1-0

[Event "Kragero Resort Chess A 2019"]
[Site "Kragero"]
[Date "2019.02.23"]
[Round "6.27"]
[White "Stray, Gunnar"]
[Black "Skotheim, Andreas"]
[Result "0-1"]
[WhiteElo "1994"]
[BlackElo "2168"]
[Annotator "TA"]
[PlyCount "96"]
[EventDate "2019.02.20"]
[EventType "swiss"]
[EventCountry "NOR"]
[SourceTitle "playchess.com"]
[Source "ChessBase"]
[SourceQuality "1"]

{[%evp 9,96,8,10,0,1,-13,-10,-87,-38,-89,-84,-93,-59,-141,-103,-109,-115,-102,-75,-83,-69,-68,-68,-90,-80,-79,-66,-70,-50,-62,-51,-68,-65,-64,-64,-57,-61,-58,-56,-57,-51,-66,-32,-32,-20,-20,-14,-38,-7,-44,-19,-28,-19,-45,-42,-79,-72,-78,-27,-47,0,0,0,0,0,-42,-41,-54,-58,-34,0,0,0,0,0,0,0,0,0,0,0,0,0,-29974,-29975,-29978,-29977,-29979,-29980]} 1. d4 Nf6 2. Nf3 d5 3. g3 c5 4. Bg2 cxd4 5. O-O h6 6. Qxd4 {D02: 1 d4 d5 2 Nf3 sidelines, including 2...Nf6 3 g3 and 2...Nf6 3 Bf4} Nc6 7. Qd1 e5 8. c3 (8. c4 $11) (8. b3 Bc5 9. Bb2 Qe7 10. c4 d4 11. Ne1 e4 12. f3 d3+ 13. Kh1 dxe2 14. Qxe2 {1-0 (77) Adly,A (2626)-Zhigalko,A (2545) St Petersburg 2018}) 8... Be7 9. Nbd2 (9. c4 $15) 9... O-O $17 10. Qc2 Be6 $146 ({Predecessor:} 10... e4 11. Nd4 Nxd4 12. cxd4 Bf5 13. Nb3 Rc8 14. Qd1 a5 {0-1 (46) Ladron de Guevara Pinto,F (2044)-Gavilan Diaz,M (2278) Malaga 2010}) 11. Nb3 (11. e4 $15) 11... Qd7 12. Be3 Bf5 13. Qd1 Ng4 14. Bc5 Rad8 15. Bxe7 Qxe7 16. h3 Nf6 17. e3 Rd7 18. Qe2 a6 19. Rfd1 Rfd8 20. Rac1 Be6 21. Ne1 e4 22. Nd4 Ne5 23. Nxe6 fxe6 24. f4 exf3 25. Nxf3 Nxf3+ 26. Bxf3 e5 27. Rf1 Qc5 28. Kh2 b5 29. Rce1 Rf7 30. Bh5 Rff8 31. Bf3 e4 32. Bg4 Nxg4+ 33. hxg4 {[#]} Qc8 ({Better is} 33... Qc4 $1 $17 {[%cal Rc4e2]} 34. Rf5 Qxa2) 34. g5 Qe6 35. gxh6 Qxh6+ 36. Kg2 Qg5 37. g4 g6 38. Rxf8+ Rxf8 $15 {[%mdl 4096] Endgame KQR-KQR} 39. Rf1 $1 Rf3 {[%mdl 64] Decoy} (39... Rxf1 {keeps more tension.} 40. Kxf1 Kg7 41. Kg2 Qh4 42. Qd1 Kh6) 40. Rxf3 Qxg4+ {[%mdl 64] Pin} 41. Kf2 {Strongly threatening Rf8+!} Qxf3+ 42. Qxf3 exf3 43. Kxf3 $11 {White wants to play Kf4. KP-KP} Kf7 44. e4 Ke6 {Threatens to win with ...dxe4+.} 45. b3 a5 {[%cal Ba6a5,Ba5a4][%mdl 32]} 46. a3 $2 {[%mdl 8192]} (46. Ke3 $11) 46... Ke5 {Black mates.} 47. exd5 Kxd5 48. Kf4 {[#]} a4 $1 {Accuracy: White = 49%, Black = 42%.} 0-1